[Event "BAN-chB 43rd"]
[Site "Dhaka"]
[Date "2017.11.15"]
[Round "9"]
[White "Md Arafat, Rahman"]
[Black "Zoar Haque, Prodhan"]
[Result "0-1"]
[WhiteElo "1852"]
[BlackElo "1991"]
[PlyCount "96"]
[EventDate "2017.11.07"]
[EventType "swiss"]
[EventRounds "11"]
[EventCountry "BAN"]
[SourceTitle "CBM 181 Extra"]
[Source "ChessBase"]
[SourceDate "2017.12.12"]
[SourceVersion "1"]
[SourceVersionDate "2017.12.12"]
[SourceQuality "1"]

1. d4 Nf6 2. c4 d6 3. Nc3 Nbd7 4. e4 e5 5. Nf3 c6 6. Be2 Be7 7. 0-0 Qc7 8. h3 Nf8 9. Be3 Ng6 10. Re1 0-0 11. Bf1 h6 12. Rc1 Bd7 13. Qc2 Nh5 14. dxe5 dxe5 15. Rcd1 Rad8 16. c5 Nhf4 17. Kh2 f5 18. g3 fxe4 19. Nxe4 Nd5 20. Nfd2 Bf5 21. Qb3 Kh8 22. Bg2 Ngf4 23. Bxf4 exf4 24. Kg1 fxg3 25. Qxg3 Qd7 26. Nf3 b6 27. Ne5 Qe6 28. cxb6 axb6 29. Rc1 Rc8 30. a3 Bh7 31. Nc3 Bd6 32. Nxd5 cxd5 33. Rxc8 Rxc8 34. Nf7+ Qxf7 35. Qxd6 Be4 36. Bxe4 dxe4 37. Qxb6 Qf5 38. Qe3 Rc6 39. Kh1 Rc2 40. Re2 Rxe2 41. Qxe2 Qxh3+ 42. Kg1 Qd3 43. Qxd3 exd3 44. Kf1 h5 45. b4 h4 46. b5 h3 47. b6 d2 48. Ke2 h2 0-1